000 01353cam a2200205 4500
001 ##L134678
008 060824n2006 000 0 eng u
035 _a(Sirsi) u134678
041 0 _aeng
050 0 4 _a306.76 $2 18
110 1 _aUnited Kingdom
_bDepartment for Communities and Local Government
_94939
245 0 0 _aRespect standard in housing management
260 _aLondon
_bDCLG
_c2006
520 _aOutlines the core components essential to delivering an effective response to anti-social behaviour and building stronger communities: accountability, leadership and commitment; empowering and reassuring residents; prevention and early intervention; tailored services for residents and provision of support for victims and witnesses; protecting communities through swift enforcement, and support to tackle the causes of anti-social behaviour. The suite of documents consists of a guide for landlords, a guide for the public and a practice note giving guidance on Good Neighbour Agreements.
590 _aIKA050906
651 4 _aEngland
_y886-
690 _aPROPERTY-RESIDENTIAL PROPERTY-RESIDENTIAL PROPERTY MANAGEMENT
856 4 0 _uhttps://webarchive.nationalarchives.gov.uk/20070807103921/http://www.communities.gov.uk/index.asp?id=1502167
_zView the documents free of charge at http://webarchive.nationalarchives.gov.uk/
942 _n0
999 _c105770
_d105770